02142nam a2200313 a 4500001001000000005001700010008004100027041000800068044000700076084002000083100004500103245009500148260003200243300004700275500042500322500033300747500023201080500001001312650005201322650005601374650003401430650004501464700005101509700006001560700005301620700005401673700005101727740005001778BRCA_249520190320203833.0241108s1850----sp-a---###---#000-0dspa-u aspa asp a135b.G38c18501 aCervantes Saavedra, Miguel ded1547-161610aEl Ingenioso Hidalgo Don Quijote de la Manchaccompuesto por Miguel de Cervantes Saavedra. aMadridbGaspar y Roigc1850 a1 v. (en varias paginaciones)bil.c27 cm. aContenido : Primera parte. Nota de los editores. Retrato de Cervantes. Dedicatoria del autor. Prólogo del autor. Versos preliminares. Texto. Segunda parte. Documentos de la edición príncipe. Dedicatoria del autor. Prólogo del autor. Observaciones críticas. Vida de Cervantes por J. M. Quintana. Poesías de varios literatos españoles en honor de Cervantes. Texto. El Buscapié con sus notas e ilustraciones aEdición : Novísima edición clásica ilustrada. Con notas históricas gramaticales y críticas. Según las de la Academia Española y sus individuos de número Pellicer, Arrieta, Clemencín y F. Sales. Aumentada con El Buscapié anotado por Adolfo de Castro. Grabados ejecutados por los mejores artistas españoles aCopia exacta de la edición de los mismos editores de 1847, aumentada con el Buscapié, superchería de A. de Castro, y sus notas. Excelentementeencuadernado en piel parda clara; lomeras y cubiertas gofradas Lúdovik Osterc aQM11914aNovela españolayÉpoca clásica, 1500-170014aLiteratura españolayÉpoca clásica, 1500-170014aNovela españolaySiglo XVII14aDon Quijote (Personaje ficticio)eNovela1 aQuintana, José Manueld1772-1857eBiógrafo1 aPellicer y Pilares, Juan Antoniod1738-1806eBiógrafo1 aGarcía Arrieta, Agustínd1775-1834eAnotador1 aClemencín y Viñas, Diegod1785-1834eAnotador1 aCastro y Rossi, Adolfo ded1823-1898eAnotador0 aEl Ingenioso Hidalgo Don Quijote de la Mancha